[Event "Belgrade Investbank"]
[Site "Belgrade"]
[Date "1997.11.20"]
[Round "8"]
[White "Anand, Viswanathan"]
[Black "Beliavsky, Alexander G"]
[Result "1/2-1/2"]
[WhiteElo "2765"]
[BlackElo "2710"]
[Annotator "Yudasin,L"]
[PlyCount "49"]
[EventDate "1997.11.11"]
[EventType "tourn"]
[EventRounds "9"]
[EventCountry "YUG"]
[EventCategory "18"]
[SourceTitle "CBM 062"]
[Source "ChessBase"]
[SourceDate "1998.01.31"]
[SourceVersion "1"]
[SourceVersionDate "1998.01.31"]
[SourceQuality "1"]

1. e4 d6 2. d4 Nf6 3. Nc3 g6 4. Be3 e5 $5 (4... Nbd7 5. f4 Bg7 (5... Nb6 6. Nf3
Bg7 7. Bd3 Ng4 8. Bg1 d5 9. e5 f6 10. Qe2 O-O 11. h3 Nh6 12. g4 f5 13. g5 Nf7
14. h4 Be6 15. h5 Re8 16. O-O-O Nh8 17. Be3 Kf7 18. Kb1 c6 19. Nd2 Nd7 20. Qg2
a5 21. Ne2 a4 22. Nf3 Nb6 23. Ng3 Nc4 24. Bc1 Qa5 25. hxg6+ hxg6 26. Rh7 Rg8
27. Rdh1 Ra6 28. a3 Rb6 29. Ka2 c5 30. Qf2 Nxa3 31. Bd2 {1-0 Huebner,R-Pfleger,
H/BL8687 1987/BL 80}) 6. e5 Ng8 7. Nf3 Nh6 8. Bc4 e6 9. Bb5 O-O 10. Ne4 d5 11.
Neg5 Qe7 12. Qd2 c6 13. Bd3 f6 14. exf6 Qxf6 15. c3 Nf5 16. Nh3 Nxe3 17. Qxe3
Bh6 18. Nfg5 c5 19. O-O {Jursevskis,W-Vaitonis,P/Vancouver 1951/MCD-r5/ - (41)}
) (4... a6 5. h3 (5. f3 b5 6. Qd2 c6 7. g4 h5 8. g5 Nfd7 9. f4 Nb6 10. b3 d5
11. f5 gxf5 12. e5 e6 13. Nce2 c5 14. c3 Nc6 15. a3 c4 16. b4 a5 17. Rb1 axb4
18. axb4 Ra3 19. Nh3 Bd7 {Ree,H-Donner,J/Hoogovens 1969/MCL 05/0-1 (55)}) 5...
b5 6. e5 Nfd7 7. Qf3 Nb6 8. a4 bxa4 9. Bd3 Bg7 10. Nxa4 N8d7 11. e6 fxe6 12.
Nxb6 Nxb6 13. h4 e5 14. h5 exd4 15. Bd2 Bf5 16. Ra5 Bxd3 17. Qxd3 Qd7 18. Ne2
Qe6 19. Rh4 {Markovic,M-Bogdanovski,V/JUG-chT 1994/EXT 94ch/1-0 (31)}) 5. f3 (
5. dxe5 dxe5 (5... Ng4 6. Bf4 Nxe5 7. Be2 $11) 6. Qxd8+ Kxd8 7. Bc4 Ke8 $14)
5... exd4 6. Qxd4 Bg7 7. O-O-O O-O 8. Qd2 Be6 9. Bh6 Bxh6 10. Qxh6 Nbd7 11. g4
(11. Nge2 $5 {E=/+f ,h4,h5}) 11... Qe7 {E-/+fe8,+/=f8,Ea6,b5м} 12. h4 Ne5 $1
13. Be2 (13. h5 Nfxg4 14. fxg4 g5 15. Be2 f6 16. Rf1 c6 {E g4A}) 13... c6 14.
Nh3 (14. h5 Nfxg4 15. fxg4 g5 16. Nf3 f6 17. Nxe5 fxe5 18. Rhf1 Rf4 $44) 14...
Rad8 (14... b5 $13) 15. h5 Rfe8 16. Nf4 (16. Ng5 Qf8 17. hxg6 Qxh6 18. Rxh6
hxg6 19. Nxe6 Rxe6 20. g5 Nh5 21. Rh1 Kg7 22. R6xh5 gxh5 23. f4 $13) 16...
Nfxg4 $1 17. fxg4 g5 18. Nxe6 $6 (18. Nd3 f6 {[%cal Ge5f7]} 19. Rhf1 Rf8 20.
Nxe5 dxe5 $13 {[%csl Rh6]}) 18... fxe6 {E=/+f7} 19. Rdf1 Rf8 20. Nd1 Rf7 {
E-/+df8,-/+f1,-/+f1,=/+f_|_} 21. Bc4 $8 Rxf1 (21... Nxc4 22. Rxf7 Kxf7 23.
Qxh7+) 22. Rxf1 Nxc4 23. Rf6 Qg7 24. Qxg7+ (24. Rxe6 Qxh6 25. Rxh6 Re8 26. Rf6
$8 Rxe4 27. b3 Kg7 28. Rf5 Ne5 $17) 24... Kxg7 25. Rxe6 {Eb3,=/+e3,=/+f5}
1/2-1/2

[Event "New York op"]
[Site "New York"]
[Date "1998.03.20"]
[Round "7"]
[White "Khalifman, Alexander"]
[Black "Gurevich, Dmitry"]
[Result "1/2-1/2"]
[WhiteElo "2660"]
[BlackElo "2540"]
[Annotator "Yudasin,L"]
[PlyCount "35"]
[EventDate "1998.03.16"]
[EventType "swiss"]
[EventRounds "9"]
[EventCountry "USA"]
[SourceTitle "CBM 064"]
[Source "ChessBase"]
[SourceDate "1998.06.02"]
[SourceVersion "1"]
[SourceVersionDate "1998.06.02"]
[SourceQuality "1"]

1. d4 d6 2. e4 Nf6 3. Nc3 g6 4. Bg5 c6 $5 5. Qd2 (5. Nf3 $5) (5. a4 $5) 5... b5
6. Bd3 h6 (6... e5 7. dxe5 dxe5 8. Bxb5 Qxd2+ 9. Kxd2 Nxe4+ 10. Nxe4 cxb5 11.
Nf6+ Kd8 12. Ng4+ $16) (6... Nbd7 7. f4) 7. Be3 (7. Bxf6 exf6 8. Nf3 Bg7 9. O-O
O-O 10. h3 Re8 11. Rfe1 $14) (7. Bh4 g5 8. Bg3 Nh5 9. Nge2 Bg7 $13) 7... Bg7 (
7... Ng4 8. Bf4 e5 9. dxe5 dxe5 10. Bg3 Nd7 $10) 8. f3 Nbd7 9. Nge2 a6 $6 (9...
Bb7 {/\e5}) 10. Nd1 $6 (10. Rd1 e5 11. O-O exd4 12. Bxd4 c5 13. Bxf6 Nxf6 $15)
(10. a4 Bb7 (10... b4 11. Nd1 a5 12. c3 bxc3 13. bxc3 e5 14. O-O Ba6 $13) 11.
O-O e5 (11... Qc7 $5) 12. axb5 axb5 (12... cxb5 $13) 13. d5 cxd5 (13... b4 14.
dxc6 Bxc6 15. Nb5 $16) 14. Nxb5) 10... e5 11. c3 d5 $1 12. Nf2 Bb7 13. O-O Qe7
(13... Qc7) (13... h5 14. Rad1 O-O) 14. a4 bxa4 $5 (14... h5 $5) 15. Bc2 (15.
Rxa4 c5 16. Rfa1 cxd4 17. cxd4 dxe4 18. Nxe4 Nxe4 19. Bxe4 Bxe4 20. fxe4 exd4
21. Bxd4 O-O $146) 15... c5 $6 (15... h5 16. Bxa4 O-O $14) 16. Bxa4 (16. dxe5
Nxe5 17. Bxa4+ Kf8 {/\Nc4,de4}) 16... exd4 17. cxd4 dxe4 18. dxc5 $1 (18. fxe4
cxd4 (18... O-O 19. Bxh6 Nxe4) 19. Nxd4 O-O 20. Bxh6 Bxh6 (20... Nc5 21. Bxg7
Kxg7 22. Qg5 $16) 21. Qxh6 Nxe4 22. Nc6) (18. dxc5 $1 exf3 19. c6 (19. gxf3 $2
O-O 20. c6 Ne5) 19... fxe2 20. cxd7+ (20. Rfe1 Bc8 21. Rxe2 O-O 22. cxd7 Bxd7
23. Bxd7 (23. Bxh6 Bxh6 24. Qxh6 Qxe2 $19) 23... Qxd7 24. Bxh6 $11) 20... Nxd7
21. Rfe1 O-O (21... Rd8 22. Bb6 $16) 22. Qxd7 Qxe3 23. Qxb7 $16 Z0 24. Qf3)
1/2-1/2

[Event "YUG-ch53"]
[Site "Belgrade "]
[Date "1998.03.17"]
[Round "4"]
[White "Petronic, Jovan"]
[Black "Djuric, Stefan"]
[Result "0-1"]
[WhiteElo "2450"]
[BlackElo "2520"]
[Annotator "Yudasin,L"]
[PlyCount "80"]
[EventDate "1998.03.14"]
[EventType "tourn"]
[EventRounds "15"]
[EventCountry "YUG"]
[EventCategory "10"]
[SourceTitle "CBM 064"]
[Source "ChessBase"]
[SourceDate "1998.06.02"]
[SourceVersion "1"]
[SourceVersionDate "1998.06.02"]
[SourceQuality "1"]

1. e4 d6 2. d4 Nf6 3. Nc3 c6 4. f4 Qa5 5. e5 (5. Bd3 e5 6. Nf3 Bg4 7. Be3) 5...
Ne4 6. Qf3 d5 (6... Bf5 7. g4) (6... Nxc3 7. Bd2) 7. Bd3 c5 $1 (7... Bf5 8. g4)
(7... Nxc3 8. Bd2 e6 9. Ne2) 8. Nge2 $2 (8. Bxe4 dxe4 9. Qxe4 cxd4 10. Qxd4 Bf5
$146) (8. dxc5 Nxc5 (8... Nxc3 9. Bd2 d4 10. Ne2 Nc6 11. bxc3 dxc3 12. Bxc3
Qxc5 13. Rb1 a6 $13) 9. Qxd5 Be6 10. Bb5+ Nbd7 11. Bxd7+ Bxd7 $146) 8... Nxc3
9. Nxc3 e6 (9... cxd4 10. Qxd5) 10. Bd2 (10. O-O cxd4 11. Nb5 Nc6 12. f5 $132)
10... cxd4 (10... c4 $2 11. Be2 Nc6 12. Nd1 $1 Qc7 13. c3 $14) 11. Nb5 (11. Ne2
Qb6 12. O-O-O Nc6 13. Kb1 $15) 11... Qb6 12. Qg3 (12. a4 Nc6 13. a5 Qd8) 12...
g6 (12... a6 13. Nd6+ Bxd6 14. Qxg7) 13. O-O $2 (13. a4 Nc6 14. a5 Qd8 $17)
13... a6 14. Nd6+ Bxd6 15. exd6 Qxd6 16. c3 $146 (16. Qh4 O-O 17. Qf6 Qb6 18.
f5 Nd7 19. Qe7 Qc5) (16. Qf2 Nc6 17. c3 dxc3 18. Bxc3 d4) 16... dxc3 (16... Nc6
$17) 17. Bxc3 O-O $19 18. Bd4 (18. Rac1 d4) (18. Be5 Qe7 19. Rac1 Nc6 20. Bc3
Bd7) 18... Qd8 19. Rac1 Nc6 20. Rxc6 $1 (20. Bc3 d4 21. Bd2 f5) 20... bxc6 21.
h4 Qe7 (21... f5 22. Qe1 $146) 22. Rc1 (22. h5 c5) 22... Bd7 23. h5 Be8 (23...
f6 24. hxg6 hxg6 25. Bxg6 Qg7 26. Rc3 $13) 24. f5 $1 (24. Bc5 Qf6 25. b4 a5)
24... exf5 25. Bxf5 Qb4 $1 26. Qe5 (26. Bc3 Qb6+ 27. Kh1 d4) 26... f6 27. Be6+
(27. Qe6+ Rf7 {d4,f5}) 27... Kg7 (27... Kh8 $4 28. Qxf6+) 28. Qc7+ (28. Qf4
Qe7 29. h6+ Kh8 30. Re1 Bd7 31. Qc7 Rae8) 28... Bf7 (28... Kh8 29. Rd1 $40) 29.
h6+ $2 (29. Bxf6+ Kxf6 (29... Kg8 30. hxg6 (30. Rxc6 Rae8 31. Bxd5 $13) 30...
hxg6 31. Qh2 Bxe6 32. Qh8+ Kf7 33. Qg7+ Ke8) 30. Rf1+ Kxe6 31. Qxc6+ Ke5 32.
Qc7+ $10) 29... Kg8 30. Bxf6 Rae8 $1 31. Bh3 Qd2 $19 32. Qxc6 Qe3+ 33. Kh1 Qxh6
$19 34. Rf1 Be6 35. Rf3 Bxh3 36. gxh3 (36. Rxh3 Re1+ 37. Kh2 Qf4+ 38. g3 Qf2#)
36... Qd2 (36... Re1+ 37. Kg2 Qd2+ 38. Rf2 Re2) 37. Rf1 Qd3 38. Kg2 Re2+ 39.
Rf2 Rxf2+ 40. Kxf2 Qf5+ 0-1

[Event "Belgrade Investbank"]
[Site "Belgrade"]
[Date "1997.11.17"]
[Round "6"]
[White "Ivanchuk, Vassily"]
[Black "Beliavsky, Alexander G"]
[Result "1-0"]
[WhiteElo "2725"]
[BlackElo "2710"]
[Annotator "Yudasin,L"]
[PlyCount "81"]
[EventDate "1997.11.11"]
[EventType "tourn"]
[EventRounds "9"]
[EventCountry "YUG"]
[EventCategory "18"]
[SourceTitle "CBM 062"]
[Source "ChessBase"]
[SourceDate "1998.01.31"]
[SourceVersion "1"]
[SourceVersionDate "1998.01.31"]
[SourceQuality "1"]

1. e4 d6 2. d4 Nf6 3. f3 e5 4. Ne2 (4. d5 $5) (4. dxe5 dxe5 5. Qxd8+ Kxd8 6.
Bc4 Ke8 7. Be3 Nc6 8. Ne2 $14) 4... Be7 5. c4 O-O 6. Be3 (6. Nbc3 Nbd7 7. Be3
c6 8. Ng3 Ne8 9. Qd2 g6 10. d5 Ng7 11. Be2 f5 12. exf5 gxf5 13. f4 c5 14. O-O
e4 15. Nh1 Nf6 16. Nf2 Rf7 17. h3 Nge8 18. Kh2 Rg7 19. Rg1 Bf8 20. g3 Qe7 21.
Rg2 h5 {- Karolyi,T-Pribyl,J/Tallinn 1985/MCL 06}) 6... c6 (6... c5 $5 7. dxc5
dxc5 8. Nbc3 Nc6 9. Nd5 Nd4 $13) 7. Qd2 Nbd7 $6 (7... a6 8. dxe5 $6 (8. d5 b5
9. Nbc3 (9. dxc6 Nxc6 10. Nbc3 Na5 $1 $36) 9... b4 10. Na4 c5 11. b3 $11) 8...
dxe5 9. c5 a5 $1 $36 {/\Na6,a4Nfd7} 10. Nec3 a4 $36) 8. d5 cxd5 9. cxd5 $14 Nh5
(9... a6 10. Ng3 b5 11. a4 bxa4 12. Rxa4 $36) (9... Ne8 $5) 10. Nbc3 Nb6 $6 (
10... g6 {/\f5}) 11. b3 h6 (11... g6 $5) 12. O-O-O Bg5 13. g4 $1 Bxe3 14. Qxe3
Nf6 15. Ng3 {/\h4} a5 (15... Bd7 16. h4 {/\Kb2,Be2,g5z}) 16. h4 a4 17. Kb2
axb3 18. axb3 $16 Nbd7 19. Bb5 $1 Nc5 (19... Ne8 20. g5 $40) 20. b4 Na6 21. Ra1
Nh7 $8 22. Nf1 $1 Bd7 23. Bxd7 Qxd7 24. Qb6 Rfc8 (24... Rab8 25. Ne3 Qd8 26.
Qxd8 Rfxd8 27. Kb3 Nf8 28. h5 $16) (24... Qd8 25. Qxd8 Rfxd8 26. Ra4 $1 $16)
25. Ne3 Nf6 26. Kb3 Ne8 27. Nc4 Qe7 28. Qe3 Rd8 29. g5 $18 h5 30. Rhc1 g6 31.
Nb5 Rab8 32. f4 $1 $40 Qd7 33. Ra5 $1 exf4 34. Qxf4 Rbc8 35. Rc3 $18 Qe7 36.
Ra2 Nac7 37. Nd4 Ra8 38. Rf2 Ra1 39. Rcf3 Rb1+ 40. Kc3 Rd7 41. Nb6 1-0

[Event "RUS-ch51"]
[Site "St Petersburg"]
[Date "1998.07.28"]
[Round "1"]
[White "Karpatchev, Aleksandr"]
[Black "Balashov, Yuri S"]
[Result "1/2-1/2"]
[WhiteElo "2515"]
[BlackElo "2580"]
[Annotator "Yudasin,L"]
[PlyCount "51"]
[EventDate "1998.07.28"]
[EventType "swiss"]
[EventRounds "11"]
[EventCountry "RUS"]
[SourceTitle "CBM 067"]
[Source "ChessBase"]
[SourceDate "1998.11.30"]
[SourceVersion "2"]
[SourceVersionDate "1998.11.01"]
[SourceQuality "1"]

1. e4 g6 2. d4 Bg7 3. c3 d6 4. f4 $5 (4. Nf3) 4... Nf6 5. Bd3 (5. e5 dxe5 6.
fxe5 Nd5 7. Nf3 O-O 8. Be2 c5 9. c4 (9. O-O cxd4 10. cxd4 Nc6 11. Nc3 $13) (9.
dxc5 Nc6 10. Bc4 Nc7 11. Bf4 Qxd1+ 12. Kxd1 Bg4 13. Re1 Rad8+ 14. Kc1 Ne6 15.
Bxe6 Bxe6 $146 (15... fxe6 $5 $13)) 9... Nb4 (9... Nb6 10. d5 Bg4 11. Bf4 Bxf3
12. gxf3 (12. Bxf3 Nxc4 13. Qe2 Qa5+ 14. Nc3 Qb4) 12... N8d7) 10. d5 Bg4 (10...
Bf5 11. O-O Nc2 (11... Bxb1 12. Rxb1 Nxa2 13. Bf4 $146) (11... Nxa2 12. Be3)
12. g4) 11. a3 N4a6 12. Bf4 Nd7 13. Nbd2 Qb8 14. O-O Bxf3 15. Nxf3 Nxe5 16. Kh1
$16) 5... e5 $1 6. Nf3 (6. fxe5 dxe5 7. Nf3 exd4 8. cxd4 O-O 9. Nc3 Bg4 10. Be3
Nc6 $132) 6... exf4 (6... Nbd7 7. fxe5 (7. O-O O-O 8. h3) 7... dxe5 8. dxe5 Nc5
(8... Ng4 9. e6 fxe6 10. Ng5 Nde5 11. Bb5+ c6 12. Qxd8+ Kxd8 13. Be2 Ke7 $13)
9. Bb5+ Nfd7 10. Bg5) (6... exd4 7. cxd4 O-O 8. O-O Bg4 9. Be3 Re8 10. h3 Bxf3
11. Qxf3 Nc6 12. Nc3 $16) 7. Bxf4 O-O 8. O-O c5 $1 $132 9. Nbd2 (9. Bg5 h6 10.
Bh4 cxd4 11. cxd4 Nc6 12. e5 $4 (12. Nc3 g5 13. Bf2 Ng4 $36) 12... dxe5 13.
dxe5 Nxe5 14. Nxe5 Qd4+) 9... cxd4 10. cxd4 Nc6 11. Qb3 (11. d5 Nb4 (11... Nh5
$6 12. Bg5 Qb6+ 13. Kh1 Ne5 14. Nxe5 Bxe5 (14... dxe5 15. Nc4) 15. Nc4) 12. Bc4
Qb6+ (12... Re8 $1 13. a3 Na6 $132) 13. Kh1 Nh5 14. Bg5 h6 15. Bh4 $14) 11...
Ng4 $1 (11... d5 12. e5 Nh5 13. Bg5 f6 14. Bh4 (14. exf6 Bxf6 15. Bxf6 Nxf6 $14
)) 12. d5 Nce5 13. h3 $1 Nxf3+ (13... Nxd3 14. Qxd3 Ne5 (14... Nf6 15. Nc4 Ne8
16. a4 $16) 15. Nxe5 dxe5 16. Be3 f5 17. Bc5 $36) 14. Nxf3 Nf6 (14... Ne5 15.
Nxe5 dxe5 16. Be3 f5 17. Bc5 Rf6 18. Rad1) 15. Qb4 $1 Re8 $5 (15... Ne8 16.
Rfd1 Qb6+ (16... f5 17. e5 $36) 17. Qxb6 axb6 18. Rd2 f5 19. e5 dxe5 20. Bxe5
Bxe5 21. Nxe5 Nd6 22. Nc4 Nxc4 23. Bxc4 $14) 16. Rae1 Bf8 17. Bg5 Be7 (17... h6
18. Bh4 Be7 19. Bb5 {Bleak have only weakness h6} Nd7) 18. Bb5 Bd7 19. Bxd7
Nxd7 (19... Qxd7 20. Qd4 (20. Bf4 $14) 20... Qd8 21. Bh6 (21. Re2 Nd7 $10)
21... Qb6 $13) 20. Bxe7 (20. Bf4 Qb6+ 21. Qxb6 Nxb6 22. b3 Bf8 $10) 20... Qxe7
21. Qxb7 Rab8 (21... Reb8 22. Qc6) (21... Nc5 22. Qxe7 Rxe7 23. e5 $16 Nd3 24.
exd6 Rxe1 25. Rxe1 Nxb2 26. Rc1) 22. Qxa7 Rxb2 $132 23. Rf2 (23. Qa3 Reb8 (
23... Rc2 24. Qb3 (24. Nd4 Rc4 25. Nc6 Qf8 26. Qd3 Ra4 27. Qc2 Rea8 $146) 24...
Rc7 $132 {/\Nc5}) 24. e5 $16) 23... Rxf2 24. Kxf2 (24. Qxf2 Nc5 25. Qd4 Nxe4
26. Nd2 f5 27. a4 Qh4 $132) 24... Nc5 25. Qxe7 Rxe7 26. Kf1 {26...Re4 27.Re4
Ne4 28.a4 Nc3 29.a5 Nd5 30.a6Nc7 31.a7 Kf8=,26...Ne4 27.Ng5 f5=,27...Nd2 28.
Kf2 Ra8=/+,27.a4 f5 28.a5~~ Yudasin} (26. Re3 Nxe4+ 27. Ke1 f5 28. Nd2 Ra7)
1/2-1/2

[Event "New York op"]
[Site "New York"]
[Date "1998.03.19"]
[Round "6"]
[White "Magem Badals, Jordi"]
[Black "Chernin, Alexander"]
[Result "1/2-1/2"]
[WhiteElo "2535"]
[BlackElo "2645"]
[Annotator "Yudasin,L"]
[PlyCount "39"]
[EventDate "1998.03.16"]
[EventType "swiss"]
[EventRounds "9"]
[EventCountry "USA"]
[SourceTitle "CBM 064"]
[Source "ChessBase"]
[SourceDate "1998.06.02"]
[SourceVersion "1"]
[SourceVersionDate "1998.06.02"]
[SourceQuality "1"]

1. e4 d6 2. d4 Nf6 3. Nc3 g6 4. Bg5 Bg7 (4... h6 $5) 5. e5 $1 dxe5 (5... Ng4 6.
h3 Nh6 7. Nd5) 6. dxe5 Ng4 (6... Qxd1+ 7. Rxd1 Ng4 8. Nd5 Bxe5 9. Nf3 Bd6 10.
Bxe7 Bxe7 11. Nxc7+ Kf8 12. Nxa8) 7. Qxd8+ Kxd8 8. Rd1+ (8. Nd5 Nc6) 8... Bd7
9. e6 (9. Nd5 Nc6 10. Bb5 Ngxe5 11. f4 h6) 9... fxe6 10. Bc4 Ke8 (10... Kc8 11.
Bxe7) (10... Ne5 11. Bxe6 Kc8 12. Bb3) 11. Nf3 (11. Nb5 Na6 (11... Bxb5 12.
Bxb5+ Nc6 13. c3 Rf8 $132) 12. Nd4 Nb4 $13 (12... Bxd4 13. Rxd4 e5 14. Rd2 Nc5
$14)) 11... Nc6 12. O-O Nge5 (12... a6 $5) 13. Nxe5 Nxe5 14. Nb5 $5 (14. Bb3
Rf8 15. Rfe1 Rd8 $10) 14... Rc8 (14... Nxc4 15. Nxc7+ Kd8 16. Nxe6+ (16. Nxa8
Bxb2 (16... Kc8 17. b3) 17. Rd3 Kc8 18. Rfd1 Ne5 19. Rb3 Nc4 20. Rbd3 $10)
16... Kc8 17. Nxg7 Rg8 18. Bh6 $13) 15. Rxd7 $1 (15. Nxa7 Nxc4) 15... Nxd7 (
15... Kxd7 16. Rd1+ Kc6 (16... Ke8 17. Bxe6 Rb8 18. Nxc7+ Kf8 19. c3 (19. Bb3
$40) 19... Nf7 $2 20. Bxe7+) 17. Nxa7+ Kc5 18. Nxc8 Nxc4) 16. Bxe6 (16. Nxa7
Ra8 17. Nb5 Be5) 16... Be5 17. f4 (17. Re1 Bd6 18. Bh3 e5 19. f4 a6 $13) (17.
Rd1 Bd6 18. Nxa7 Rd8 19. Nb5 Rf8) 17... Bd6 18. Bh6 (18. Re1 Bc5+ 19. Kf1 c6
20. Rd1 cxb5 21. Bxd7+ Kf7 22. Bxc8 Rxc8 $10) 18... Rd8 19. Bg7 Rf8 20. Nxd6+ (
20. Nxd6+ cxd6 21. Bxf8 Nxf8 {/\e6,Rc8-c7,Kd8 =/+/=}) 1/2-1/2

[Event "Krynica zt"]
[Site "Krynica"]
[Date "1998.09.04"]
[Round "3"]
[White "Badea, Bela"]
[Black "Jansa, Vlastimil"]
[Result "1/2-1/2"]
[WhiteElo "2530"]
[BlackElo "2490"]
[Annotator "Yudasin,L"]
[PlyCount "120"]
[EventDate "1998.09.02"]
[EventType "swiss"]
[EventRounds "9"]
[EventCountry "POL"]
[SourceTitle "CBM 067"]
[Source "ChessBase"]
[SourceDate "1998.11.30"]
[SourceVersion "2"]
[SourceVersionDate "1998.11.01"]
[SourceQuality "1"]

1. Nf3 g6 2. d4 Bg7 3. e4 d6 4. c3 Nf6 5. Bd3 O-O 6. O-O Nc6 (6... Nbd7 $5) 7.
h3 e5 8. Re1 (8. d5 Ne7 9. c4 Nd7 10. Nc3 f5) 8... Re8 (8... Nh5 $5 9. Be3 Kh8)
9. d5 (9. Nbd2 d5 10. dxe5 (10. exd5 Nxd5 11. dxe5 Nxe5 12. Nxe5 Rxe5 13. Rxe5
Bxe5 14. Nf3 (14. Ne4 c6 15. Bg5 Qc7 $14) 14... Bf6 $10) 10... Nxe4 11. Nxe4
dxe4 12. Bxe4 Qxd1 13. Rxd1 Nxe5 14. Bf4 Nxf3+ 15. Bxf3 c6 $10) 9... Ne7 10. c4
Nd7 (10... Nh5 11. Nc3 Nf4 12. Bf1 f5 13. Rb1) 11. Nc3 f5 12. Rb1 a5 (12...
fxe4 $6 13. Nxe4 Nf5 $2 14. Bg5 Nf6 $2 15. g4 $18) 13. a3 h6 (13... Nc5 14. Bc2
fxe4 15. Nxe4 Nxe4 16. Bxe4 a4 17. Bc2 Bd7 18. Bg5 $5 $36 (18. Ng5 $36)) 14. b4
axb4 15. axb4 f4 16. c5 $1 (16. Nb5 b6 17. Na3) 16... dxc5 17. Nb5 Kh7 (17...
cxb4 $5 18. Qb3 (18. Nxc7 $6 Qxc7 19. d6 Qxd6 (19... Qd8 $1 20. dxe7 Qxe7 21.
Bd2 Nc5 22. Bxb4 b6 $17) 20. Bc4+ Nd5 21. Bxd5+ Kh8 22. Bf7 $13) (18. d6 cxd6
19. Nxd6 Rf8 20. Bc4+ Kh7 21. Rxb4 $146 {/\Rb5,Bb2}) 18... Kh7 19. Qxb4 $146)
18. Qc2 b6 19. Ba3 $1 Ba6 20. Rb3 (20. Qc3 c6 21. Nd6 Bxd3 (21... cxb4 $5 22.
Bxb4 (22. Rxb4 c5 (22... cxd5 $1 23. Nxe8 Qxe8 $13) 23. Ra4 Bxd3 24. Rxa8 Qxa8
25. Nxe8 $16) 22... Bxd3 (22... c5 23. Bxa6 cxb4 24. Qc4 Rf8 25. Rxb4 $13) 23.
Qxd3 (23. Nxe8 Bxb1 24. Nxg7 $18) 23... Rg8 24. Nb7 Qb8 $17) 22. Qxd3 Rf8 23.
bxc5 cxd5 24. cxb6 $16 Nxb6 25. Nb7) 20... c6 $1 21. Nd6 Bxd3 (21... Rf8 22.
Bxa6 Rxa6 23. bxc5 bxc5 24. Nb7 Qa8 25. Nxc5 $16) 22. Rxd3 c4 (22... Rg8 23.
bxc5 (23. dxc6 Nxc6 24. bxc5 bxc5 25. Bxc5 Nxc5 26. Qxc5 Ra6 $14) 23... bxc5
24. Nb7 (24. Bxc5 Nxc5 25. Qxc5 Ra5) 24... Qc8 25. Nxc5 cxd5 26. exd5 Rxa3 27.
Rxa3 Qxc5 28. Qxc5 Nxc5 29. Nxe5 $13) 23. Qxc4 cxd5 24. exd5 Rf8 (24... Rg8 25.
Nf7) 25. b5 $1 $36 Qb8 26. Qb3 (26. Ne4 Rc8 27. Qb3 Nf5 28. d6 Ra7 29. Bb4 $16)
26... Nf5 27. Nxf5 (27. Ne4 Re8 28. d6 Nd4 29. Nxd4 exd4 30. Qf7 Ne5 $2 (30...
Qd8 31. Qxf4 Ne5 32. Rg3 Rf8 $13 33. Qd2) 31. Nf6+ Kh8 32. Rxe5 Rxe5 33. Qxg6
$18) 27... Rxf5 28. Rdd1 $5 (28. Nd2 Qa7 29. Ne4 $16) 28... Qa7 29. Be7 Qa4 $2
(29... Bf8 30. Bxf8 Raxf8 31. d6 Nc5 $132) 30. Qb1 Ra5 $2 (30... Bf8 31. d6) (
30... Qa2 31. Qxa2 (31. Qc1 e4 32. Rxe4 Rxd5 33. Rxf4 Rxd1+ 34. Qxd1 Qa1 35.
Qxa1 Rxa1+ 36. Kh2 Rb1 $132) 31... Rxa2 32. d6 e4 33. Rxe4 Rxb5 34. Rxf4 Rbb2
$146) 31. Re4 $1 Qa2 $2 (31... Qxb5 32. Qxb5 Rxb5 33. d6 {Re4 or Rd1 goin to
c7[a7],not good Kg8 becaus Nh4-g6,both black have droing chanses}) 32. Qxa2
Rxa2 33. Rc1 $1 Ra7 34. Kh2 $6 (34. d6 Nc5 35. Rxc5 bxc5 36. b6 Rd7 (36... Rb7
37. Bd8) 37. Re1 (37. Rc4 Bf6 (37... e4 38. Rxe4 Rd5 {/\Rb7}) 38. Rxc5 Bxe7 39.
Rc7 Rxd6 40. Rxe7+ Kg8 41. b7 Rf8 42. Nxe5 $18) 37... Bf6 $2 38. Bxf6 Rxf6 39.
Rb1 Rf8 40. Rd1 Re8 (40... Rf6 41. b7) 41. Rd5 g5 (41... e4 42. Ne5 Rxe5 43.
Rxe5 Rxd6 44. b7 Rb6 45. Re7+ Kg8 46. Re8+) 42. Nxe5 Rxe5 43. Rxe5 Rxd6 $10)
34... Rf7 $2 (34... g5 {/\Kg8[g6]}) 35. Bd6 (35. d6 Nc5 36. Rxc5 bxc5 37. Nxe5
(37. b6 Raxe7) 37... Raxe7) 35... Ra5 36. Rb1 $1 Bf8 $2 (36... Rf5 {/\Nf6,/
\Re~~- e4,Rd5} 37. Be7 g5 $16) 37. Bxf8 Rxf8 38. Nxe5 Nxe5 (38... Re8 39. Nxd7)
39. Rxe5 Kg7 (39... Rd8 40. Re7+ Kh8 41. Re6) 40. Re6 Rd8 41. Rxb6 (41. Rc1 $18
{/\Rcc6,Rc7} Rxb5) 41... Rxd5 42. Rc1 h5 43. Rb7+ (43. Rcc6 Rg5) 43... Kh6 44.
b6 {/\h4,Rcc7-h7,/\Rb1} Kg5 45. Rbc7 (45. Rc6 Rac5 46. Rxc5 Rxc5 47. Rc7 Rb5
48. b7 Rb2 $10) 45... Rab5 46. b7 Rb2 47. R1c2 $4 (47. R1c6 Rdb5 48. Rg7 Rxf2 (
48... Rxb7 49. Rcxg6+ Kf5 (49... Kh4 50. Rxb7 Rxb7 51. g3+) 50. Rg5+ Kf6 51.
Rxb7 Rxb7 52. Rxh5 $18) 49. Rc5+) 47... Rdb5 48. Rxb2 Rxb2 49. f3 (49. g3 Rxf2+
) (49. Rf7 h4) 49... Rb1 50. Rh7 h4 51. Rf7 Kh5 52. Rxf4 Rxb7 53. Re4 Rb1 54.
g4+ hxg3+ 55. Kxg3 Kg5 56. h4+ Kf6 57. Ra4 Kf5 58. Ra5+ Kf6 59. h5 gxh5 60.
Rxh5 Kg6 {Yudasin Very complicated game,ending in time pressure} 1/2-1/2

[Event "Czerniak Memorial 14th"]
[Site "Tel Aviv"]
[Date "1998.04.10"]
[Round "2"]
[White "Kaspi, Alexander"]
[Black "Gofshtein, Leonid D"]
[Result "1/2-1/2"]
[WhiteElo "2525"]
[BlackElo "2520"]
[Annotator "Yudasin,L"]
[PlyCount "109"]
[EventDate "1998.04.09"]
[EventType "tourn"]
[EventRounds "9"]
[EventCountry "ISR"]
[EventCategory "9"]
[SourceTitle "CBM 065"]
[Source "ChessBase"]
[SourceDate "1998.08.06"]
[SourceVersion "1"]
[SourceVersionDate "1998.08.06"]
[SourceQuality "1"]

1. d4 d6 2. e4 Nf6 3. f3 d5 $5 4. e5 Nfd7 5. f4 c5 6. c3 (6. Nf3 cxd4 7. Nxd4
e6 8. Be3 Nc6 9. c3 Be7) 6... Nc6 7. Nf3 cxd4 8. cxd4 Nb6 9. b3 (9. h3 Bf5 10.
Bd2 e6 11. Nc3 Be7 $132) 9... Bf5 (9... Bg4 10. Be2 e6 11. O-O Rc8 12. Bb2 Be7
13. h3 Bxf3 14. Rxf3 f5 15. g4 $36) 10. Bd3 (10. a3 a5 11. Nc3 e6 12. Be2 Be7
13. O-O O-O 14. Be3 Qd7 $132 {/\Rf-c8,a4,Nc4}) 10... Be4 $1 (10... Bxd3 11.
Qxd3 e6 12. O-O Rc8 13. Nc3 Be7 14. Bd2 O-O 15. Rad1 $14) 11. Bb2 f5 (11... e6
12. Qe2 Bxd3 13. Qxd3 Rc8 14. Nc3 $14) 12. O-O e6 13. Bb5 Rc8 14. Ba3 $1 h6 15.
Bxf8 Kxf8 16. Bxc6 (16. Nbd2 Nb4) 16... Rxc6 17. Na3 g5 (17... Qe7 18. Nb5 Nc8
19. Rc1 (19. Qd2 Rc2 20. Qa5 a6 21. Na3 {/\Rc1}) 19... Qb4 $17) 18. Rc1 Nd7 (
18... Rg8 19. Rxc6 bxc6 20. Qc1 Qe7 21. Nb1 $13 Nd7) 19. Rxc6 bxc6 20. Qd2 Rg8
21. fxg5 (21. Qc3 Qb6) 21... hxg5 22. b4 Rg7 23. Qc3 Qb6 (23... g4 24. Nd2 Qg5
25. b5 $1 $13) 24. Kh1 Kg8 25. Nd2 (25. Rc1 Bxf3 26. gxf3 Nf8 27. Nc2 Qb5 $15)
25... Qa6 26. Rc1 Nf8 (26... Qe2 27. Nxe4 dxe4 28. Qxc6 Nf8 29. Qc4 $13) 27.
Nxe4 fxe4 $2 (27... dxe4 28. Qb3 $15 {/\Nc4}) 28. Nc2 g4 $1 (28... Qxa2 29. Ra1
Qc4 30. Qxc4 dxc4 31. Kg1 Ng6 32. Kf2 $13) 29. Ne3 (29. g3 Rf7) 29... g3 30.
Qd2 $5 (30. h3 Qxa2 31. Qxc6 Qe2 32. Qc3 $13 Rf7 33. Re1 Qf2 34. Qc1 Rc7 35.
Qa1 Qd2 $13) 30... gxh2 31. Qf2 Nh7 32. Rf1 Qd3 $1 33. Qh4 $1 Ng5 34. Qf4 (34.
Qh5 Qxe3 (34... Nf7 $17) 35. Qe8+ Kh7 36. Qh5+ $10) 34... Nf7 (34... Qxd4 35.
Ng4 $40 (35. Qf8+ Kh7 36. Ng4)) 35. Ng4 Qxd4 36. Nf6+ Kf8 37. Qh4 (37. Nd7+ Ke8
(37... Kg8 38. Nf6+ $10) 38. Qf6 $40) 37... Qd2 $1 38. Rf2 Qc1+ 39. Kxh2 Qh6
40. Nh5 $2 {/\Qd8#} (40. Qxh6 Nxh6 41. Nxd5+ Nf7 42. Nf6 Ke7 43. Nxe4 Nxe5 $10)
40... Rg5 41. g4 Ke8 (41... d4 42. Rf4 $13) (41... e3 $17 42. Rf6 Rg6) 42. Rf6
Rg6 43. Rxg6 Qxg6 44. Nf6+ Kf8 45. Nd7+ Ke8 46. Nf6+ Kf8 47. Nd7+ Kg7 48. Qe7
$1 $10 {/\Qf8,Nf6} Qh6+ 49. Kg2 Qd2+ 50. Kg3 Qe3+ 51. Kg2 Qf3+ 52. Kh2 Qf2+ 53.
Kh3 Qf3+ 54. Kh2 Qf4+ 55. Kh3 1/2-1/2